LEADER 01059nam a2200277 i 4500 001 000000151822 003 CaOOAMICUS 005 20060712000000.0 008 060712s1979 it u000 u ita u 013 $a129163 040 $aSeMil$bita 100 1 $aHeimito : von Doderer.$0(OLS)http://semarc/name/7404 245 10$aTomo 2 /$cTraduzioni di Clara Bovero, Laura Mancinelli, Anita Rho. 300 $aP. [417]-755. 490 0 $aGli struzzi ;$v199./ 2 500 $aFondo Ciprandi. 700 1 $aRho, Anita.$0(OLS)http://semarc/name/8237 700 1 $aMancinelli, Laura.$0(OLS)http://semarc/name/44537 700 1 $aBovero, Clara,$d<1924- >.$0(OLS)http://semarc/name/34178 773 0 $aHeimito : von Doderer$tDemoni.$dTorino : Einaudi, copyr. 1979.$w()16024 830 4$aGli struzzi ;$v199./ 2.$0(OLS)http://semarc/title/6903 850 $aSeMil 852 $aSeMil$W1$xVenegono$y1$m1V II 165$j103803$B103803$CSeMilBibl$Z2$F112836 $81 941 1 $a1 961 $aOmaggio: Ciprandi dott. Paolo 996 $6245$aTomo 2$9(OLS)http://semarc/title/53220 LEADER 01204nam a2200253 i 4500 001 000000188788 003 CaOOAMICUS 005 20100422000000.0 008 100422s1953 it u000 u lat u 013 $a167022 040 $aSeMil$bita 100 1 $aPapali, Cirillo B. .$0(OLS)http://semarc/name/9540 245 10$aMimamsa et Dharma-castra, Religio popularis et bhakti, Scholae theistae et synthesis Hinduismi /$cCyrillus B. Papali. 260 $aRoma :$bCollegium internationale, OCD,$c1953. 260 $aRoma :$bLibreria Gentes,$c1953. 300 $aXIX, 199 p. ;$c21 cm. 490 0 $aMissionalia ;$v2 773 0 $aPapali, Cirillo B. $tHinduismus.$dRoma : Libreria Gentes, 1953.$gVol.2$w()21329 830 0$aMissionalia ;$v2.$0(OLS)http://semarc/title/7999 850 $aSeMil 852 $aSeMil$W1$xVenegono$y1$m2X IV 146$j139425$B139425$CSeMilBibl$Z2$F151056 $81 996 $6245$aMimamsa et Dharma-castra, Religio popularis et bhakti, Scholae theistae et synthesis Hinduismi$9(OLS)http://semarc/title/271756 996 $6260$aRoma :$bLibreria Gentes$9(OLS)http://semarc/publisher/31594 996 $6260$aRoma :$bCollegium internationale, OCD$9(OLS)http://semarc/publisher/31595